00185 a2200085 4500020001800000100002600018245001700044260001900061999001900080 a9780718188863 aMcRaven W.H.9205613 aMake You Bed bPenguin c2017 c356946d356946